Clements v Simmonds (Record no. 71444)

MARC details
000 -LEADER
fixed length control field 01432cam a2200241 4500
001 - CONTROL NUMBER
control field ABS66083
008 - FIXED-LENGTH DATA ELEMENTS--GENERAL INFORMATION
fixed length control field 021025n2002 000 0 eng u
035 ## - SYSTEM CONTROL NUMBER
System control number (Sirsi) u120260
245 ## - TITLE STATEMENT
Title Clements v Simmonds
260 ## - PUBLICATION, DISTRIBUTION, ETC.
Date of publication, distribution, etc. 2002
490 ## - SERIES STATEMENT
Series statement Estates Gazette Law Reports
Volume/sequential designation [2002] 41 EG 178-185(8)
490 ## - SERIES STATEMENT
Series statement High Court (Administrative Court)
Volume/sequential designation [2002] EWHC 1652 (QB)
520 ## - SUMMARY, ETC.
Summary, etc. QBD 17 April 2002. The claimant C had held a statutory tenancy, protected by the Rent Act 1977, of a flat in a house owned by the defendant S. In May 2000 a possession order was made, under Sched 15 Case 9 to the 1977 Act, in favour of S. C gave up possession in November 2000. Soon after, S, whose health was deteriorating, gave instructions for the house to be sold, as she was too ill to renovate the property. It was sold in 2001 for around £1.25m. C brought a claim for damages under 1977 Act s102, on the grounds that the basis upon which S had obtained the possession order was false and was a misrepresentation as to her intentions to live in the house. "Held", the claim was allowed and damages of £60 000 awarded.
590 ## - LOCAL NOTE (RLIN)
Local note ABS
650 ## - SUBJECT ADDED ENTRY--TOPICAL TERM
Topical term or geographic name entry element CLAIM FOR DAMAGES
650 ## - SUBJECT ADDED ENTRY--TOPICAL TERM
Topical term or geographic name entry element RENT ACT 1977 SCHED 15 CASE 9
650 ## - SUBJECT ADDED ENTRY--TOPICAL TERM
Topical term or geographic name entry element RENT ACT 1977 S102
650 ## - SUBJECT ADDED ENTRY--TOPICAL TERM
Topical term or geographic name entry element MEASURE OF DAMAGES
650 ## - SUBJECT ADDED ENTRY--TOPICAL TERM
Topical term or geographic name entry element ORDER FOR POSSESSION
650 ## - SUBJECT ADDED ENTRY--TOPICAL TERM
Topical term or geographic name entry element CLEMENTS V SIMMONDS
690 ## - LOCAL SUBJECT ADDED ENTRY--TOPICAL TERM (OCLC, RLIN)
Topical term or geographic name as entry element LANDLORD AND TENANT-RESIDENTIAL TENANCIES-CASE LAW
942 ## - ADDED ENTRY ELEMENTS (KOHA)
Suppress in OPAC 0
Holdings
Withdrawn status Lost status Source of classification or shelving scheme Damaged status Not for loan Home library Current library Shelving location Date acquired Total Checkouts Full call number Barcode Date last seen Copy number Price effective from Koha item type
    Dewey Decimal Classification     London London Journal article 25/10/2002   ABS66083 120260-1001 06/08/2019 1 06/08/2019 Law report